LDR 00751naa#a2200169#i#450# 001 EN\INFRA-M\bibl\118169 005 20260416191733.4 011 ## _a2305-7807 100 ## _a20260227b2026####ek#y0engy0150####ca 102 ## _aRU 200 1# _aOrganizational culture as a component of anti-stress management in a company _eJournal article 210 1# _aMoscow _cINFRA-M Academic Publishing LLC. _d2026 215 ## _a5 с. 608 ## _aJournal article _2local 675 ## _aИзучение проблемы организации: методология, анализ, синтез, классификация и таксономия (теория, основы), систематизация в целом. 005 _z 700 #1 _aKul'chickaya _gElena Valer'evna 856 4# _anaukaru.ru _u